| 000 | 00634nam a2200229Ia 4500 | ||
|---|---|---|---|
| 003 | OSt | ||
| 005 | 20220916110929.0 | ||
| 006 | a|||||r|||| 00| 0 | ||
| 007 | ta | ||
| 008 | Pun | ||
| 024 | _a8,865 | ||
| 037 | _cTextbook | ||
| 040 |
_bPun _aARTS _cARTS |
||
| 041 | _aPun | ||
| 082 | _aQ8441, 153N7 | ||
| 100 | _aਮਾਨ, ਤੇਜਵੰਤ | ||
| 245 | 0 | _aਪੰਚ ਖਾਲਸਾ ਦੀਵਾਨ ਭਸੌੜ ਦੀ ਪੰਜਾਬੀ ਸਾਹਿਤ ਨੂੰ ਦੇਣ | |
| 260 | _c1997 | ||
| 650 | _aਧਰਮ | ||
| 942 |
_hQ8441, 153N7 _cTB _2CC |
||
| 999 |
_c101645 _d101645 |
||